LEADER 00958nam a2200205 i 4500 001 000000259004 003 CaOOAMICUS 005 20200806114914.0 008 180626s1810 it u000 u ita u 013 $a237912 026 $ac-in rola lali alse (7) 1810 (R) 040 $aSeMil$bita 245 10$aTom. 3. 300 $a402, [2] p. 700 1 $aBrugnatelli, Luigi Valentino.$0(OLS)http://semarc/name/89688 773 0 $aBrugnatelli, Luigi Valentino$tTrattato elementare di chimica generale appoggiato alle piu recenti scoperte, e secondo ai nuovi principj della teoria termossigena ad uso delle Regie Università del Regno Italico di L. V. Brugnatelli ... Tom. 1.[-4.].$bQuarta edizione notabilmente accresciuta.$dPavia : Nella Tipografia Bolzani, 1810.$g3$w()9037 850 $aSeMil 852 $aSeMil$W1$xVenegono$y1$m3W III 84 FA$j209349$B209349$CSeMilBibl$Z2$F223014 $8I 996 $6245$aTom. 3$9(OLS)http://semarc/title/136894 LEADER 00843nam a2200205 i 4500 001 000000241610 003 CaOOAMICUS 005 20150507000000.0 008 150507n it u000 u ita u 013 $a220515 040 $aSeMil$bita 100 1 $aCavazza, Serafino.$0(OLS)http://semarc/name/10569 245 10$aStefano Cavazzoni :$bil Senatore di Don Orione /$cSerafino Cavazza. 260 $aTortona :$bEdizioni Don Orione,$c1981?] 300 $aVIII, 464 p. ;$c22 cm. 600 14$aCavazzoni, Stefano <1881-1951>.$0(OLS)http://semarc/subject/25946 850 $aSeMil 852 $aSeMil$W1$xVenegono$y1$m3N III 284$j191956$B191956$CSeMilBibl$Z2$F202744 $81 996 $6245$aStefano Cavazzoni :$bil Senatore di Don Orione$9(OLS)http://semarc/title/343377 996 $6260$aTortona :$bEdizioni Don Orione$9(OLS)http://semarc/publisher/40712 LEADER 01126nam a2200265 i 4500 001 000000125745 003 CaOOAMICUS 005 20241203143142.0 008 040426s1965 it u000 u ita u 013 $a98446 040 $aSeMil$bita 100 1 $aRemarque, Erich Maria <1898-1970>.$0(OLS)http://semarc/name/25942 245 13$aLa notte di Lisbona /$cErich Maria Remarque ; Traduzione di Ervino Pocar ; Introduzione di Arrigo Bongiorno. 260 $aMilano :$bArnoldo Mondadori Editore,$ccopyr. 1965. 300 $a312 p. ;$c19 cm. 490 0 $aOscar Mondadori ;$v480 700 1 $aBongiorno, Arrigo,$d<1930-2006>.$0(OLS)http://semarc/name/43101 700 1 $aPocar, Ervino,$d<1892-1981>.$0(OLS)http://semarc/name/5929 830 0$aOscar ;$v480.$0(OLS)http://semarc/title/8669 850 $aSeMil 852 $aSeMil$W1$xVenegono$y1$m1V I 408$j80163$B80163$CSeMilBibl$Z2$F82357 $81 961 $aRecupero: Seminario di Seveso 996 $6245$aLa notte di Lisbona$9(OLS)http://semarc/title/185226 996 $6260$aMilano :$bArnoldo Mondadori Editore$9(OLS)http://semarc/publisher/30056